Power Rangers' Morphers Quiz Stats

 Plays Quiz not verified by Sporcle

Support Sporcle.
Go Orange.
Score 0/39 Timer 05:00
0 Plays Today
Rangers Morphers % Correct
Mighty Morphin'Power Morpher
77.2%
Main 5 ZeoZeonizer
65.1%
Red/Blue/Yellow Dino ThunderDino Morpher
61.9%
Gold SamuraiSamurai Morpher
60.4%
TurboTurbo Morpher
56.8%
Red/Blue/Yellow Ninja StormWind Morpher
55.6%
Crimson/Navy Ninja StormThunder Morpher
53.4%
Main 5 SpaceAstro Morpher
51.3%
Quantum TFQuantum Morpher
49.8%
Main 5 Time ForceChrono Morpher
47%
Titanium LRTitanium Morpher
46.8%
Main 5 Wild ForceGrowl Phone
46.5%
Main 5 Lightspeed RescueRescue Morpher
45.8%
Red/Blue/Yellow Jungle FurySolar Morpher
44.7%
Wolf Warrior MFWolf Morpher
42.5%
Violet Jungle FuryWolf Morpher
42.5%
SamuraiSamuraizer
41.7%
White Dino ThunderDrago Morpher
39.8%
Main 5 Mystic ForceMystic Morpher
39.3%
Omega SPDOmega Morpher
37.7%
Rangers Morphers % Correct
Black Dino ThunderBrachio Morpher
37.3%
Kat SPDKat Morpher
37.3%
Nova SPDNova Morpher
36.5%
Main 5 SPDDelta Morpher
36.3%
White Jungle FuryRhino Morpher
35.5%
Lost GalaxyTransmorpher
33.4%
Gold ZeoGolden Power Staff
33.3%
Lunar Wolf WFLunar Caller
30.3%
Silver SpaceDigimorpher
29.7%
Mercury OOMercury Morpher
28.5%
Magna DefenderMagna Defender Morpher
27.9%
White Mystic ForceSnow Staff
27.8%
Solaris Knight MFSolar Cell Morpher
26.8%
Maim 5 Operation OverdriveOverdrive Tracker
26%
Green Ninja StormSamurai Cyclone Morpher
24.9%
Shadow SPDPatrol Morpher
24.4%
Green/Black RPMRev Morpher
23.1%
Red/Blue/Yellow RPMCell Shift Morpher
21.9%
Gold/Silver RPMSky Shift Morpher
14.4%

You're not logged in!

Compare scores with friends on all Sporcle quizzes.
OR
Log In

From the Vault

LogiCrossword: Thirteen Colonies

by El_Dandy

You'd think they'd just throw in another colony because of bad luck and all that.
Remove Ads.
Support Sporcle.
Get the best of Sporcle when you Go Orange. This ad-free experience offers more features, more stats, and more fun while also helping to support Sporcle. Thank you for becoming a member.

Show Comments

Extras

Created Feb 20, 2011SourceReportNominate
Tags:Power Rangers

Top Quizzes Today


Score Distribution

Your Account Isn't Verified!

In order to create a playlist on Sporcle, you need to verify the email address you used during registration. Go to your Sporcle Settings to finish the process.

Report this User

Report this user for behavior that violates our Community Guidelines.

Details: